| 000 | 00455nam a22001457a 4500 | ||
|---|---|---|---|
| 008 | 170131b xxu||||| |||| 00| 0 eng d | ||
| 020 | _a0113230006 | ||
| 040 |
_aKABU _cKABU |
||
| 050 |
_aRS141.3 _b.B75 2022 v.ii c.1 |
||
| 245 | _aBritish pharmacopoeia 2022 | ||
| 260 |
_aLondon _bMHRA _c2022 |
||
| 300 | _a5 Vol (various paging) | ||
| 650 |
_aPhraracopoeias _zGreat Britain |
||
| 942 |
_2lcc _cBK _hRS141.3 .B75 2022 v.ii c.1 |
||
| 999 |
_c19187 _d19186 |
||